000 00791nam a2200289Ia 4500
005 20250425161920.0
008 250425s9999 xx 000 0 und d
020 _a9682611415
041 _aspa
043 _amx
082 _a658.83
100 _aLEHMANN, DONALD R.
245 0 _aINVESTIGACION Y ANALISIS DE MERCADO
250 _a1A ED.
260 _aMEXICO
260 _aMéxico
_bCECSA COMPAÑIA EDITORIAL CONTINENTAL, S.A.
_c1993
300 _a904
500 _aTítulo Traducido: MARKET RESEARCH AND ANALYSIS
650 _aADMINISTRACION DE MERCADOS
650 _aANALISIS (GENERAL)
650 _aINVESTIGACION DE MERCADOS
650 _aTECNICAS DE MERCADEO
700 _aGARCIA MENDOZA, ALBERTO
_etraductor
710 _aCECSA
942 _c01
010 _a34815
999 _c218783
_d218783